• 首页
  • 本馆介绍
  • 公告通知
  • 最新文献
  • 馆藏检索
  • 电子资源
  • 读者导购
  • 参考咨询
  • 我的图书馆
  • 登录
  • 详细信息显示
  • 放入我的书架
  • 预约/预借图书
  • 作者相关作品
  • 分类相关作品
  • 丛书相关作品
  • 出版社相关作品

书目信息

  • 表格格式
  • 工作单格式
  • 卡片格式
题名:
放射性废物盐矿处置
    
 
作者: 罗上庚 编译
分册:  
出版信息: 北京   原子能出版社  1978
页数: 46页
开本: 19cm
丛书名:
单 册:
中图分类: X58 , TL942
科图分类:
主题词: 放射性废物处置-盐层储存 , 环境污染 , 环境污染--污染防治 , 盐层储存-放射性废物处置
电子资源:
ISBN:
000 00718nam0 2200265 45
001 0178005376
005 20070802094422.01
010    @dCNY0.18
091    @aCN@b15175.122
100    @a19950727d1978 em y0chiy0121 ea
101 1  @achi
102    @aCN@b110000
105    @ay z 000yy
200 10 @a放射性废物盐矿处置@Afang she xing fei wu yan kuang chu zhi@f罗上庚编译
210    @a北京@c原子能出版社@d1978
215    @a46页@d19cm
606    @a放射性废物处置-盐层储存
606 0  @a环境污染
606 0  @a环境污染@x污染防治
606    @a盐层储存-放射性废物处置
690    @aX58@v3
690    @aTL942@v3 
701  0 @a罗上庚@Aluo shang geng@4编译
801  0 @aCN@bTSSF@c20070802
905    @a10447@dX58@e1
    
    放射性废物盐矿处置/罗上庚编译.-北京:原子能出版社,1978
    46页;19cm
    
    
    ISBN :CNY0.18
    
●
相关链接 在E读中查询图书 在五车中查询图书 在当当中查询图书 在豆瓣中查询图书


正题名:放射性废物盐矿处置     索取号:X58/1         预约/预借

序号 登录号 条形码 馆藏地/架位号 状态 备注
1 0004716   001486975   第二样本阅览室/ [索取号:X58/1] 在馆    
2 0790743   207907434   密集书库/ [索取号:X58/1] 在馆    
欢迎您!
大连网信软件有限公司© 版权所有